1778 1399 1133 1141 1760 1347 1279 1068 1019 1925 1280 1570 1165 1937 1444 1011 1437 1895 1041 1783 1932 1075 1759 1860 1907 1439 1698 1133 1831 1753 1988 1498 1174 1996 1429 1018 1907 1571 1238 1445 1214 1331 1894 1775 1535 1000 1291 1947 1892 1682 1720 1681 1795 1293 1682 1178 1622 1808 1974 1240 1108 1031 1740 1865 1921 1951 1247 1267 1883 1075 1297 1461 1763 1435 1850 1245 1917 1358 1254 1287 1769 1814 1870 1058 1641 1317 1388 1857 1046 1888 1968 1855 1408 1541 1435 1836 1066 1220 1731 BCNSPRNW ULIB Ver.6.0+V

เปลี่ยนเป็นภาษาไทย

Change to English
 แสดงรายละเอียดบรรณานุกรม
  กลับหน้าหลัก

Brief Record : Get Marc (ISO 2709) : E-mail record : QR code < ปิดหน้าต่าง
LEADER : 00000nam 2200000uu 4500
001    13399121601
003     ULIB
008    121126s||||||||th 000 0 tha d
020    ^a9789740318934
060 04 ^aWC515^bข982 2550
245 00 ^aไข้หวัดนก :^bพลิกสถานการณ์ด้วยความรู้ /^cบรรณาธิการ,เจนนุช ว่องธวัชชัย, วิโรจน์ ไววานิชกิจ, สุทธิพร จิตต์มิตรภาพ
250    ^aพิมพ์ครั้งที่ 1
260    ^aกรุงเทพฯ :^bสำนักพิมพ์แห่งจุฬาลงกรณ์มหาวิทยาลัย,^c2550
300    ^a249 หน้า :^bภาพประกอบ ;^c21 ซม.
650  7 ^aไข้หวัดนก
650  7 ^aไข้หวัดนก^xวิจัย
700 0  ^aเจนนุช ว่องธวัชชัย,^eบรรณาธิการ
700 0  ^aวิโรจน์ ไววานิชกิจ,^eบรรณาธิการ
700 0  ^aสุทธิพร จิตต์มิตรภาพ,^eบรรณาธิการ
945    ^p150^l0^i14118
945    ^p150^l0^i14119
995    ^aกัณชพร
999 ^a ใช้งานได้ทุกระบบ
รายการนี้ยังไม่มีแท็ก
คุณยังไม่ได้ล็อกอิน คุณสามารถมีกิจกรรมร่วมกับเว็บไซต์ได้ แต่ต้องล็อกอินก่อน ::
  ล็อกอิน

รายการสื่อสารสนเทศ

ลำดับที่ ประเภท เลขเรียก/บาร์โค้ด สถานที่ สถานะ
1. วิทยาศาสตร์การแพทย์ และสุขภาพ
วิทยาศาสตร์การแพทย์ และสุขภาพ
WC515 ข982 2550  
  Barcode: 14118
ห้องสมุดวิทยาเขตสวรรค์ประชารักษ์
►ส่วนจัดเก็บหนังสือเก่า สปร
บนชั้น
  ขอยืม
2. วิทยาศาสตร์การแพทย์ และสุขภาพ
วิทยาศาสตร์การแพทย์ และสุขภาพ
WC515 ข982 2550 ฉ.2 
  Barcode: 14119
ห้องสมุดวิทยาเขตสวรรค์ประชารักษ์
►ส่วนจัดเก็บหนังสือเก่า สปร
บนชั้น
  ขอยืม

รายการใกล้เคียง
    หัวเรื่อง [ไข้หวัดนก]

BibComment


ยังไม่เคยถูกคอมเมนท์

คอมเมนท์ทรัพยากรรายการนี้
  คอมเมนท์: ไข้หวัดนก พลิกส..


 Copyright 2026. Bcnsprnw @Library